Sports Quiz

Random Sports Quiz
Score 0/26 Timer 10:00
0 Plays Today
Wickets Player % Correct
69Claude Henderson
87.8%
39Jeremy Snape
82.2%
19Darren Maddy
76.7%
22Colin Ackermann
73.3%
42Callum Parkinson
66.7%
40Josh Cobb
65.6%
32Rob Taylor
61.1%
42Jigar Naik
57.8%
38Harry Gurney
55.6%
38Matthew Hoggard
55.6%
52Ben Raine
53.3%
18Adam Griffith
52.2%
16Dieter Klein
47.8%
Wickets Player % Correct
50Clint McKay
46.7%
22Gavin Griffiths
45.6%
16Brad Hodge
44.4%
23Nathan Buck
41.1%
30Abdul Razzaq
40%
30David Masters
37.8%
28Jim Allenby
37.8%
21Wayne White
37.8%
22Andrew McDonald
36.7%
16Ottis Gibson
33.3%
24Nadeem Malik
14.4%
32Anthony Ireland
12.2%
17Matthew Pillans
4.4%
Remove Ads.
Support Sporcle.
Get the best of Sporcle when you Go Orange. This ad-free experience offers more features, more stats, and more fun while also helping to support Sporcle. Thank you for becoming a member.

You're not logged in!

Compare scores with friends on all Sporcle quizzes.
OR
Log In

Sporcle TV

Today on Sporcle TV


Watch our educational content, quiz creation guides, and fun videos on Sporcle TV.

Show Comments

Extras

Created May 16, 2020ReportNominate
Tags:Player, t20, Taker, Wicket

Top Quizzes Today


Score Distribution

Paid Content

Your Account Isn't Verified!

In order to create a playlist on Sporcle, you need to verify the email address you used during registration. Go to your Sporcle Settings to finish the process.

Report this User

Report this user for behavior that violates our Community Guidelines.

Details: